000 00479nam a2200181Ia 4500
001 18563
005 20260306171640.0
008 260306s9999||||xx |||||||||||||| ||und||
041 _aESP
082 _a658.408
_bS29B 2004
100 _aSchwalb, María Matilde (ed.)
_eAUT
245 0 _aBuenas prácticas peruanas de responsabilidad social empresarial
260 _c2004
300 _a179 páginas :
_c21 cm.
650 _aGEN
654 _aCAN
942 _cLIB
_dJUS
_fJUS
_2ddc
_n
999 _c18563
_d18563